000 00442nam a2200181Ia 4500
008 230725s2002 xx 000 0 und d
041 _aeng
082 _a547
_bVOG
100 _aVOGEL ARTHUR
245 _aELEMETORY PRACTICAL ORGANIC CHEMISTRYPART-I
260 _bC.B.S. PUBLISHERS & DISTRUTORS
_c2002
300 _a435
365 _h20
500 _aTEXT BOOK
501 _aPC
520 _aPB
650 _aPHARMACEUTICAL CHEMISTRY
999 _c768180
_d768180